Integrals, Transforms and Partial Differential Equations/ (Record no. 198310)

MARC details
000 -LEADER
fixed length control field 00689nam a22001937a 4500
005 - DATE AND TIME OF LATEST TRANSACTION
control field 20231212114521.0
010 ## - LCCN (DPL NO)
LC control number ENG-138117
020 ## - INTERNATIONAL STANDARD BOOK NUMBER
International Standard Book Number 9789357059213
Terms of availability 1025.00
035 ## - SYSTEM CONTROL NUMBER
System control number EN-121649
037 ## - SOURCE OF ACQUISITION
Source of stock number/acquisition DBAD/PUB
082 ## - DEWEY DECIMAL CLASSIFICATION NUMBER
Classification number 515.353
100 ## - MAIN ENTRY--PERSONAL NAME
Personal name Das, P. Sivaramakrishna
245 ## - TITLE STATEMENT
Title Integrals, Transforms and Partial Differential Equations/
Statement of responsibility, etc By P. Sivaramakrishna Das and C. Vijayakumari
260 ## - PUBLICATION, DISTRIBUTION, ETC. (IMPRINT)
Place of publication, distribution, etc Uttar Pradesh
Name of publisher, distributor, etc Pearson India Education Pvt. Ltd
Date of publication, distribution, etc 2023
270 ## - ADDRESS
Address 1st Floor, Berger Tower , Plot no. C-001A/2 Sector 16b
City Noida
Postal code 201301
300 ## - PHYSICAL DESCRIPTION
Extent vp.
Dimensions 24cm(pbk)
700 ## - ADDED ENTRY--PERSONAL NAME
Personal name C. Vijayakumari
9 (RLIN) 56858
Relator term Author
942 ## - ADDED ENTRY ELEMENTS (KOHA)
Source of classification or shelving scheme Dewey Decimal Classification
Item type English Books
Classification part 515.353
Call number suffix DAS
Holdings
Withdrawn status Lost status Not for loan Collection code Home library Current library Date acquired Source of acquisition Cost, normal purchase price Full call number Barcode Copy number Cost, replacement price Koha item type
      Non-fiction Vinoba Puri Vinoba Puri 18/09/2023 DBAD/PUB 1149.00 515.353 DAS EN-121649 1 1149.00 English Books

© Delhi Public Library
Hit Counter
free hit counter